000 00750nam a2200205Ii 4500
003 JO-AjNU
008 230605s9999||||xx |||||||||||||| ||und||
017 _a1987/1314
040 _aJO-AjNU
_bara
_erda
_cJO-AjNU
041 _aara
050 1 4 _aHG221.S5292 1987
100 3 _aالشمري، ناظم محمد نوري,
_eauthor
_956585
245 0 0 _aالنقود والمصارف
264 3 1 _aالموصل: مديرية دار الكتب للطباعة والنشر،1987
300 _a360ص
_bيحتوي على ببلوغرافية من 355-360ص
336 _atext
_btxt
_2rdacontent
337 _aunmediated
_bn
_2rdamedia
338 _avolume
_bnc
_2rdacarrier
650 4 _aالنقود - البنوك - جوانب اقتصادية 
_956586
999 _aA25305
_c28873
_d28873